000 00332nam a22001457a 4500
008 210507b ||||| |||| 00| 0 eng d
020 _a9780030314612
041 _aeng
080 _29th
_a336
082 _a336
100 _a53
101 _aFIN
245 _aFundamental of Financial Management
_cBrigham,E.F
942 _2udc
_cBK
999 _c57114
_d57114